000 00906nam1a22002531 4500
001 rc\4600987
005 20130416193646.4
021 _aRU
_bРг9293-67
021 _aRU
_b67-86529
035 _a(NLR Aleph) 008388828
090 _a9164455
_c9164455
100 _a20130416d1966 |||y0rusy50 ca
101 0 _arus
102 _aRU
105 _ay z |||||
200 1 _aБорьба с преступностью в Украинской ССР
_fАвт. очерка и сост. сборника документов проф. П.П. Михайленко
_gМ-во охраны обществ. порядка УССР. Высш. школа. Т. 1
210 _aКиев
_cБ. и.
_d1966
215 _d22
700 1 _aМихайленко
_bП. П.
_f1914-
_gПетр Петрович
_4220
801 0 _aRU
_bNLR
_gpsbo
801 1 _aRU
_bELAR
_2rusmarc
852 _aNLR
_j67-5/4266
942 _cBOOK
980 _aNB